[Event "COL-ch U14 Girls"]
[Site "Barranquilla"]
[Date "2024.04.12"]
[Round "2"]
[White "Lozano Burnham, Ana Sofia"]
[Black "Castro Gallardo, Adriana Lucia"]
[Result "1-0"]
[WhiteElo "1419"]
[BlackElo "1484"]
[PlyCount "43"]
[EventDate "2024.04.11"]
[EventType "swiss"]
[EventRounds "7"]
[EventCountry "COL"]
[SourceTitle "CB18_2024"]
[SourceDate "2024.05.01"]
[SourceVersion "1"]
[SourceVersionDate "2024.05.01"]
[SourceQuality "2"]

1. e4 e5 2. Nf3 Nc6 3. d4 d6 4. Bc4 Be6 5. d5 Bd7 6. dxc6 Bxc6 7. Ng5 Qf6 8. Nxf7 Bxe4 9. Nxh8 0-0-0 10. Nf7 Rd7 11. 0-0 Qg6 12. g3 d5 13. Nxe5 Qh6 14. Bxh6 gxh6 15. Nxd7 Kxd7 16. Bxd5 Nf6 17. Bxb7+ Ke7 18. Bxe4 Nxe4 19. Re1 Kf6 20. Rxe4 Kf5 21. Qd5+ Kg6 22. Re6+ 1-0